Statistics for Name EVERY Haikyuu Characters

Click here to take the quiz!

General Stats

  • This quiz has been taken 1,576 times
    (1,438 since last reset)
  • The average score is 81 of 302

Answer Stats

HintAnswer% Correct
Nakashima's MotherAi Nakashima
98%
Karasuno #10Shoyo Hinata
98%
Karasuno #1Daichi Sawamura
97%
Karasuno #9Tobio Kageyama
97%
Tsubakihira #5Dai Mikawa
96%
Karasuno #11Kei Tsukishima
96%
Karasuno Head ManagerKiyoko Shimizu
96%
Karasuno #2Koshi Sugawara
96%
Karasuno #4Yu Nishinoya
95%
Karasuno #3Asahi Azumane
94%
Karasuno #5Ryunosuke Tanaka
94%
Eldest TanakaSaeko Tanaka
94%
Karasuno #12Tadashi Yamaguchi
94%
Nekoma #5Kenma Kozume
91%
Nishinoya's GrandfatherMineo Nishinoya
91%
Niiyama #10Natsu Hinata
91%
Nekoma #1Tetsuro Kuroo
91%
Seijoh #1Toru Oikawa
91%
Oikawa's NephewTakeru Oikawa
90%
Eldest Kageyama SiblingMiwa Kageyama
89%
Former Karasuno CoachIkkei Ukai
88%
Shiratorizawa #13Kai Akakura
88%
Karasuno CoachKeishin Ukai
88%
Nekoma #2Nobuyuki Kai
88%
Shiratorizawa AlumniKazuyo Kageyama
87%
Inubushi MBRyosei Kai
87%
Karasuno ManagerHitoka Yachi
86%
Seijoh #4Hajime Iwaizumi
85%
Fukurodani #4Kotaro Bokuto
85%
Shiratorizawa #1Wakatoshi Ushijima
84%
Karasuno #6Chikara Ennoshita
83%
Nekoma #11Lev Haiba
83%
Yachi's MotherMadoka Yachi
83%
Former Karasuno #5Akiteru Tsukishima
82%
Inarizaki #7Atsumu Miya
82%
Inarizaki #11Osamu Miya
81%
Shiratorizawa #5Satori Tendo
81%
Fukurodani #5Keiji Akaashi
79%
Japan Team SetterAo Nakisuna
74%
Nekoma #3Morisuke Yaku
74%
Karasuno TeacherIttetsu Takeda
72%
Inarizaki #1Shinsuke Kita
70%
Nekoma #4Taketora Yamamoto
70%
Kita's grandmotherYumie Kita
69%
Inarizaki #10Rintaro Suna
68%
Karasuno #7Hisashi Kinoshita
67%
Youngest YamamotoAkane Yamamoto
66%
Lil'Tykes Volleyball StudentYu Ogasawara
65%
Shiratorizawa #9Yu Shibata
65%
Shinzen #11Akatani Yuu
64%
Karasuno #8Kazuhito Narita
64%
Date Tech #1Takanobu Aone
64%
Shiratorizawa #3Eita Semi
62%
Date Tech #13Kosuke Sakunami
61%
Seijoh #16Kentaro Kyotani
60%
Itachiyama #10Kiyoomi Sakusa
60%
Seijoh #13Akira Kunimi
59%
Eldest HaibaAlisa Haiba
59%
Inarizaki #4Aran Ojiro
59%
Seijoh #12Yutaro Kindaichi
59%
Nekoma Head CoachYasufumi Nekomata
58%
Seijoh #2Issei Matsukawa
57%
Karasuno Municipal TeamGo Akaizawa
56%
Johzenji #1Yuji Terushima
53%
Shiratorizawa #10Kenjiro Shirabu
52%
Shiratorizawa #8Tsutomu Goshiki
52%
Karasuno Girls' #1Yui Michimiya
50%
Seijoh #3Takahiro Hanamaki
49%
Nekome #7So Inuoka
46%
Seijoh #6Shigeru Yahaba
45%
Inarizaki CoachTarou Oomi
45%
Lil'Tykes Volleyball StudentRintarou Hoshi
43%
Wakunan #1Takeru Nakashima
42%
Seijoh #7Shinji Watari
41%
Johzenji Head ManagerHana Misaki
40%
Nekoma #12Yuki Shibayama
40%
Date Tech #7Kanji Koganegawa
39%
Date Tech #2Kenji Futakuchi
39%
Kamomedai #5Korai Hoshiumi
39%
Wakunan #5Kazumasa Hanayama
38%
Karasuno English TeacherMinaho Ono
38%
Fukurodani #7Akinori Konoha
36%
Wakunan #4Yuki Shiroishi
36%
Itachiyama #13Motoya Komori
35%
Nohebi #1Suguru Daisho
35%
Nekoma #6Shohei Fukunaga
34%
Eldest HoshiumiAkitomo Hoshiumi
33%
Yotsuya Senpai MCMakoto Nakashima
33%
Shiratorizawa #4Reon Ohira
33%
Karasuno Alumni MBYukinari Mori
33%
Ohgiminami #4Yuki Tazawa
33%
Yukigaoka #3Yuuki Kawashima
33%
Edlest Nakashima SiblingIsamu Nakashima
32%
Niiyama #6Kanoka Amanai
32%
Lil'Tykes Volleyball StudentTaku Sugano
32%
Yukigaoka #4Tatsuya Mori
32%
Former #10Tenma Udai
32%
Nakashima's FatherMasayoshi Nakashima
31%
Nakashima's Younger BrotherMinoru Nakashima
31%
Fukurodani #2Tatsuki Washio
29%
Date Tech #8Taro Onagawa
28%
Adlers #2Fukuro Hirugami
27%
Kamomedai #6Sachiro Hirugami
27%
Kamomedai #13Keiichiro Kanbayashi
26%
Hirugami MIddle ChildShoko Hirugami
26%
Shiratorizawa Head CoachTanji Washijo
26%
Inarizaki #5Hitoshi Ginjima
25%
Fomer Date Tech #2Kaname Moniwa
25%
Former Ohgiminami #1Noboru Akimiya
25%
Nohebi #8So Akama
25%
Shiratorizawa #12Taichi Kawanishi
25%
Shiratorizawa #14Hayato Yamagata
23%
Former Karasuno #11Makoto Shimada
23%
Inarizaki #2Ren Omimi
22%
Fukurodani #11Haruki Komi
21%
Inarizaki #15Michinari Akagi
20%
Tsubakihira #14Aoi Himekawa
19%
Tokonami #4Hayato Ikejiri
19%
Fukurodani #12Wataru Onaga
19%
Fukurodani #3Yamato Sarukui
19%
Fukurodani ManagerYukie Shirofuku
19%
Yukigaoka #6Yukitaka Izumi
19%
Date Tech ManagerMai Nametsu
18%
Kakugawa #9Yudai Hyakuzawa
18%
Sarukawa #4Iori Kanazawa
17%
Nohebi StudentMika Yamaka
17%
Johzenji #7Rintaro Numajiri
17%
Shiratorizawa CoachAkira Saito
16%
Fukurodani ManagerKaori Suzumeda
16%
Karasuno Girls' #2Mao Aihara
16%
Sangu Tech High WSNao Suzuki
16%
MSBY #4Shugo Meian
16%
Nekoma #9Tamahiko Teshiro
16%
Nohebi #5Koji Hiroo
15%
^ His Older BrotherHiroki Ogasawara
14%
Nekoma CoachManabu Naoi
14%
Shiratorizawa #2Jin Soekawa
13%
EJP Raijin WSNagito Sarukui
13%
Seijoh Head CoachNobuteru Irihata
13%
Itachiyama #1Tsukasa Iizuna
13%
Former Date Tech #1Yasushi Kamasaki
13%
Former Karasuno #9Yusuke Takinoue
13%
MSBY #9Adriah Tomas
12%
Karasuno Girls' #11Chizuru Sasaki
12%
Inarizaki #14Heisuke Riseki
12%
Ubugawa #1Masaki Gora
12%
Adlers #5Nicollas Romero
12%
Hinata's RoomatePedro
12%
Date Tech #11Yutaka Obara
12%
Kakugawa #3Eiji Makado
11%
Former Karasuno #2Hiroki Kurokawa
11%
Johzenji #2Kazuma Bobata
11%
Ubugawa #9Koji Yukawa
11%
Shinzen ManagerMako Otaki
11%
Karasuno Girls' #4Moe Kikuchi
11%
Karasuno Girls' #3Rinko Sudou
11%
Seijoh CoachSadayuki Mizoguchi
11%
MSBY #6Shion Inunaki
11%
Fukurodani #10Shuichi Anahori
11%
Former Date Tech #3Takehito Sasaya
11%
Ubugawa #7Yuji Isahara
11%
Karasuno Girls' #5Aoki Manami
10%
Ubugawa ManagerEri Miyanoshita
10%
Former Karasuno #1Hidemi Tashiro
10%
Yukigaoka #5Koji Sekimukai
10%
Kitagawa Daiichi #4Kousuke Tashiro
10%
Nohebi #12Naoyasu Kuguri
10%
Karasuno Girls' #7Nozomi Watabe
10%
MSBY #10Oriver Barnes
10%
Johzenji ManagerRuna Kuribayashi
10%
Ushijima's FatherTakashi Utsui
10%
Kanoka's CousinTerada Kouji
10%
Nohebi #4Kazuma Numai
9%
Johzenji #3Takeharu Futamata
9%
Date Tech CoachTakuro Oiwake
9%
Johzenji #11Arata Tsuchiyu
8%
Japan Team CoachFuki Hibarida
8%
Tokonami #5Hiroki Tamagawa
8%
Kamomedai #4Izuru Nozawa
8%
Date Tech #3Jingo Fukiage
8%
Seijoh WSKaneo Yuda
8%
Tokonami #3Kazuma Chaya
8%
Wakunan #2Shunki Kawatabi
8%
Johzenji CoachTakaaki Anabara
8%
Mujinazaka #1Wakatsu Kiryu
8%
Ohgiminami #1Yoshiki Towada
8%
Shiratorizawa #6Yusho Sagae
8%
Inarizaki #13Yuto Kosaku
8%
Kamomedai #10Gao Hakuba
7%
Seijoh WSHeisuke Shido
7%
Kakugawa #4Kaito Asamushi
7%
Johzenji #4Katsumichi Higashiyama
7%
Tsubakihira #1Kazuki Maruyama
7%
Tsubakihira #4Motoki Teradomari
7%
Johzenji #9Nobuyoshi Izaka
7%
Ohgiminami #12Shun Yokote
7%
Tokonami #12Taiga Sakurai
7%
Fukurodani CoachTakeyuki Yamiji
7%
Kakugawa #5Yuzuru Komaki
7%
Tsubakihira #12Akifumi Kaikake
6%
Shinzen #1Daiki Ogano
6%
Shinzen #7Eikichi Chigaya
6%
Karasuno Alumni WSHidenori Uchizawa
6%
Tokonami #1Hikaku Komaki
6%
Kakugawa #7Isao Inagaki
6%
Nohebi #7Isumi Sakishima
6%
Shiratorizawa AlumniLucio Kato
6%
His Wife ^Nice Rodrigues
6%
Tsubakihira #2Sakae Echigo
6%
Ohgiminami #7Soma Oyasu
6%
Wakunan #8Teppei Naruko
6%
Tokonami #9Yoshiharu Haga
6%
Kamomedai CoachAaron Murphy
5%
Kamomedai #1Aikichi Suwa
5%
Nohebi #10Akihiko Seguro
5%
Ohgiminami #5Ayumu Moritake
5%
Nekoma Girls' Volleyball PlayerFumi
5%
Kakugawa CoachGoro Sakakibara
5%
Ohgiminami #11Ibuki Natsuse
5%
Kamomedai #7Isao Norikura
5%
Kitagawa Daiichi #1Kaito Hashikami
5%
Wakunan #10Kazuteru Akiu
5%
Nohebi CoachKiyoshi Omizu
5%
Youth Camp CoachKotaro Hitaki
5%
Niiyama #12Maiko Yonezawa
5%
Wakunan CoachMasaomi Onikobe
5%
Inarizaki CoachNorimune Kurosu
5%
Tokonami #10Rikuta Shibuya
5%
Ohgiminami CoachShintaro Ninomiya
5%
Kakugawa #12Taishi Minamida
5%
Ohgiminami #2Takumi Karamatsu
5%
Wakunan #11Tsuyoshi Matsushima
5%
Nohebi #2Yoshiya Takachiho
5%
Tsubakihira #10Yushi Maiko
5%
Tsubakihira #3Chiharu Tsukioka
4%
Hinata's TeammateHeitor Santana
4%
Sarukawa #1Itaru Shiramine
4%
Oikawa's IdolJose Blanco
4%
Kamomedai #8Kazuyoshi Bessho
4%
Mujinazaka #4Keisuke Unnan
4%
Ubugawa #4Kengo Nanasawa
4%
Sarukawa #10Kenro Fukatani
4%
Shinzen #8Kodama Masaru
4%
Kamomedai #12Liam Tokura
4%
Mujinazaka #9Michiru Usuri
4%
Ubugawa #12Nakakawa Toshimi
4%
Mujinazaka #2Nozomu Mami
4%
Lil'Tykes Volleyball StudentRiku Ogata
4%
Shinzen #6Shimafu Noriaki
4%
Ubugawa #5Shingo Sengoku
4%
Tsubakihira CoachTatsumi Osado
4%
Adlers #7Tatsuto Sokolov
4%
Tsubakihira #8Togo Iwamuro
4%
Ubugawa #2Yohei Ashiya
4%
Kakugawa #1Yoshiaki Nurukawa
4%
Shinzen #12Yoshikawa Kazutaka
4%
Tsubakihira #9Yoshitomo Atema
4%
Shiratorizawa #7Yunohama
4%
Sarukawa CoachAritaka Shishio
3%
Mujinazaka #13Haruma Bishin
3%
Sarukawa #3Hisahiko Wakura
3%
Kyotani's "Helper"Kiyoshi
3%
Mujinazaka CoachMichiko Kuzuri
3%
Seijoh MBMotomu Sawauchi
3%
Shinzen #3Naguri Shouta
3%
Mujinazaka #7Naoharu Ezota
3%
Yukigaoka #2Saiya Suzuki
3%
Azuma Green Rockets MBSakuma Sokolov
3%
Later Karasuno WSShoji
3%
Sarukawa #12Soji Yamashiro
3%
Mujinazaka #10Subaru Hondo
3%
Sarukawa #9Tomokazu Wajima
3%
Sarukawa #8Tomonari Shiga
3%
Adlers #1Toshiro Heiwajima
3%
Later Karasuno LiberoYaotome
3%
Shinzen CoachYoshiki Sasagawa
3%
Seijoh StudentAsuka Hirama
2%
Adlers CoachBanjo Suzaku
2%
Former Volleyball PlayerHiromi Takanashi
2%
MSBY CoachSamson Forster
2%
Former Johzenji #1Seiji Okudake
2%
Later Karasuno WSTokita
2%
Tachibana Red Falcons SetterAritsura Onigashira
1%
Hinata & Oikawa Opponent #2Gabriel
1%
Ikkei's FriendGengorō Takahashi
1%
Former Volleyball PlayerGenta Okuda
1%
Hinata & Oikawa Opponent #1Gino
1%
Hishikayama CoachKazuya Higashine
1%
Adlers WSKeigo Nishiura
1%
Kitagawa Daiichi #10Keigo Toobetsu
1%
Seijoh StudentManaka Ujiie
1%
Genji University WSMasahiko Kunohe
1%
Volleyball Team AdvisorMikako Hoshino
1%
Hiromi University MBNoritsune Maruo
1%
Kitagawa Daiichi #3Raimu Oritsume
1%
Kiyokawa AceRyoji Yamazaki
1%
Shinzen CoachShinpei Arakawa
1%
Karasuno supporterShizuyasu Yokoyama
1%
Adlers WSTerutsugu Inubousaki
1%
VC Hiroshima MBTomohiro Nitta
1%
VC Kanagawa WSTomomichi Chita
1%
DESEO Hornets WSWasei Tsuetate
1%

Score Distribution

Percentile by Number Answered

Percent of People with Each Score

Your Score History

You have not taken this quiz since the last reset